Les 20 départements les plus à l'ouest - Facile - Statistiques

Statistiques générales
  • Ce quiz a été pris 184 fois
  • Le résultat moyen est 18 sur 20
Statistiques - réponses
Coordonnées Localité Département % Correct
5° 06' Ouest Ouessant Finistère
98%
3° 42' 56'' Ouest Roudouallec Morbihan
98%
1° 46' 24'' Ouest Hendaye Pyrénées Atlantiques
97%
0° 24' 37'' Ouest Louzac-Saint-André Charente
96%
3° 37' 47'' Ouest Plestin-les-Grèves Côtes-d'Armor
96%
1° 08' 48'' Ouest Lège-Cap-Ferret Gironde
96%
1° 27' 36'' Ouest Tarnos Landes
96%
2° 32' 42'' Ouest Piriac-sur-Mer Loire-Atlantique
96%
1° 34' 18'' Ouest Saint-Clément-des-Baleines Charente-Maritime
95%
2° 13' 12'' Ouest Gaël Ille-et-Vilaine
94%
2° 21' 04'' Ouest L'Ile d'Yeu Vendée
93%
1° 55' 53" Ouest Auberville Manche
85%
61° 13' 00' Ouest Le Prêcheur Martinique
84%
61° 48' Ouest Deshaies Guadeloupe
83%
54° 22' 58'' Ouest Grand-Santi Guyane
82%
1° 07' 43'' Ouest Saint-Aubin-des-Bois Calvados
81%
1° 12' 05' Ouest Seronnes Mayenne
79%
0° 32' 39'' Ouest Sainte-Hilaire-la-Palud Deux-Sèvres
74%
1° 19' 15'' Ouest La Varenne Maine-et-Loire
74%
0° 48' 00'' Ouest Mantilly Orne
71%
Aucun quiz correspondant
Distribution des résultats
% des personnes avec chaque résultat
Percentile par nombre de réponses
Votre historique - résultats
Vous n’avez pas pris ce quiz